Juan Dávila
Salvato in:
| Autore principale: | |
|---|---|
| Natura: | Libro |
| Lingua: | inglese |
| Pubblicazione: |
Melbourne
Universidad de Melbourne
2006
|
| Edizione: | 1a. ed |
| Soggetti: | |
| Tags: |
Aggiungi Tag
Nessun Tag, puoi essere il primo ad aggiungerne!!
|
MARC
| LEADER | 00000cam a2200000 a 4500 | ||
|---|---|---|---|
| 001 | UCE7476 | ||
| 003 | CL-VaPUC | ||
| 008 | 150612e20060000at |||||||||||||||||eng|d | ||
| 020 | |a 9780522852448 | ||
| 082 | 0 | 4 | |a 709.20994 |b DAV |2 21 |
| 100 | 0 | |a Dávila, Juan |e author |9 580140 | |
| 245 | 1 | 0 | |a Juan Dávila |
| 250 | |a 1a. ed | ||
| 300 | |a 254 p | ||
| 942 | |c BK | ||
| 945 | |d 20150612 13:50:00 |a gsalatino | ||
| 260 | |a Melbourne |b Universidad de Melbourne |c 2006 | ||
| 650 | 0 | |a Arte australiano |9 444379 | |
| 583 | |a last modification |c 20150619 04:37:44 |k Rodrigo Vera | ||
| 999 | |c 359566 |d 359564 | ||
| 952 | |0 0 |1 0 |3 erd |4 0 |6 709_209940000000000_DAV_2006 |7 0 |8 R |9 468829 |a BIBART |b BIBART |i 5163358 |l 14 |m 2 |o 709.20994 DAV 2006 |p 5163358 |r 2025-03-13 |s 2023-10-16 |w 2019-11-23 |y BK_R |z Catalogado en:20150612 |k ART | ||